| 000 | 01083nam a22003977a 4500 | ||
|---|---|---|---|
| 001 | BR8602693 | ||
| 003 | BR-BrBNA | ||
| 005 | 20230928092256.0 | ||
| 007 | ta | ||
| 008 | 230509b bl.||||| |||| 00| 0 por d | ||
| 040 |
_aBR-BrBNA _bpor _cBiblioteca Nacional de Agricultura |
||
| 041 | _a(Por) | ||
| 072 |
_aH20 _b0180 _b0120 _b0230 _b0170 _b1740 _b4120 |
||
| 090 | _ 0180 BR8602693 | ||
| 100 | 1 | _aCruz Filho, J. da | |
| 100 | 1 | _aChaves, G.M. | |
| 110 | 1 | _aUniversidade Federal de Vicosa, MG (Brasil). Depto. de Fitopatologia | |
| 245 | 1 |
_aDoencas de plantas (carvoes e caries)[fungo, Ustilaginaceae, Tilletiaceae] _bno. 233 |
|
| 246 | 1 |
_aPlant diseases (smuts) _bno. 233 |
|
| 260 | 3 |
_aVicosa, MG (Brasil): _c1985. |
|
| 300 | _a12 p. | ||
| 500 | _a9 ref. | ||
| 650 | _aTRIGO | ||
| 650 | _aMILHO | ||
| 650 | _aCANA DE ACUCAR | ||
| 650 | _aSORGO | ||
| 650 | _aCEBOLA | ||
| 650 | _aCARVAO | ||
| 650 | _aCARIE | ||
| 650 | _aFUNGO | ||
| 650 | _aBIOLOGIA | ||
| 650 | _aCICLO DE VIDA | ||
| 650 | _aSINTOMA | ||
| 909 |
_a202309 _bLucia _c55 _dLucia Elande |
||
| 942 | _cBK | ||
| 999 |
_c38058 _d38058 |
||